| 000 | 01064cam a22003255a 4500 | ||
|---|---|---|---|
| 001 | 016621325 | ||
| 003 | Uk | ||
| 005 | 20201128023804.0 | ||
| 008 | 140129s2015 nyua fr |0|1 0|eng|d | ||
| 015 |
_aGBB413231 _2bnb |
||
| 016 | 7 |
_a016621325 _2Uk |
|
| 020 | _a9781259252228 | ||
| 020 | _a1259252221 | ||
| 040 |
_aStDuBDS _beng _cStDuBDS _dEG-ScBUE |
||
| 042 | _aukblsr | ||
| 082 | 0 | 4 |
_222 _a332 _bCOR |
| 100 | 1 |
_aCornett, Marcia Millon. _913151 |
|
| 245 | 1 | 0 |
_aFinance : _bapplications & theory / _cMarcia Millon Cornett, Troy A. Adair, John Nofsinger. |
| 250 | _a3rd ed., international student ed. | ||
| 260 |
_aNew York : _bMcGraw-Hill Education, _cc.2015. |
||
| 300 |
_axxxviii, 725 p. : _bcol. ill. ; _c28 cm. |
||
| 490 | 0 | _aThe McGraw-Hill/Irwin series in finance, insurance and real estate | |
| 500 | _aIndex : p. 717-725. | ||
| 650 | 7 |
_aFinance. _2BUEsh _91509 |
|
| 651 | _2BUEsh | ||
| 653 |
_bBUSADM _cAugust 2016 |
||
| 700 | 1 |
_aAdair, Troy A. _q(Troy Alton), _d1964- _936534 |
|
| 700 | 1 |
_aNofsinger, John R. _936535 |
|
| 942 |
_2ddc _e22 _k332 COR |
||
| 999 |
_c22143 _d22115 |
||